The making of modern English society from 1850. (رقم التسجيلة. 3417)
[ عرض عادي ]
| 000 -الفاتح | |
|---|---|
| حقل البيانات ثابتة الطول | 00913cam a2200301 4500 |
| 001 - رقم الضبط | |
| رقم الضبط | 1727641 |
| 003 - محدد رقم الضبط | |
| رقم الضبط | OSt |
| 005 - وقت وتاريخ اخر تعامل مع التسجيلة | |
| رقم الضبط | 20150408113746.0 |
| 008 - عناصر البيانات ثابتة الطول - معلومات عامة | |
| حقل البيانات ثابتة الطول | 730625s1973 enka b 001 0 eng |
| 010 ## - رقم ضبط مكتبة الكونجرس | |
| رقم ضبط مكتبة الكونجرس | 73161829 |
| 015 ## - رقم الببليوجرافية الوطنية | |
| رقم الببليوجرافية الوطنية | B73-10916 |
| 020 ## - الرقم الدولى المعيارى للكتب | |
| الرقم الدولى المعيارى للكتاب | 0710074735 |
| 040 ## - مصدر الفهرسة | |
| وكالة الفهرسة الأصلية | MU |
| وكالة النسخ | DLC |
| وكالة التعديل | MB |
| 043 ## - رمز المنطقة الجغرافية | |
| رمز المنطقة الجغرافية | e-uk--- |
| 050 00 - رقم طلب مكتبة الكونجرس | |
| رقم التصنيف | HN385 |
| رقم المادة | .R62 1973 |
| 082 00 - رقم تصنيف ديوى العشرى | |
| رقم التصنيف | 309.1/42/08 |
| 100 1# - المدخل الرئيسى - إسم شخصى | |
| الإسم الشخصى | Roebuck, Janet. |
| 9 (RLIN) | 9075 |
| 245 14 - بيان العنوان | |
| العنوان | The making of modern English society from 1850. |
| 260 ## - PUBLICATION, DISTRIBUTION, ETC. (IMPRINT) | |
| مكان الناشر او الموزع | London, |
| اسم الناشر او الموزع | Routledge and Kegan Paul, |
| تاريخ النشر أو التوزيع | 1973. |
| 300 ## - الوصف المادى | |
| التعداد | xii, 205 p. |
| تفاصيل ماديه اخرى للوعاء | illus. |
| أبعاد الوعاء | 22 cm. |
| 350 ## - السعر - [مهمل] | |
| السعر | £2.40 |
| 440 #0 - بيان السلسلة/مدخل إضافى-العنوان | |
| العنوان | Development of English society |
| 9 (RLIN) | 9076 |
| 504 ## - تبصرة ببليوجرافية | |
| تبصرة ببليوجرافية,الخ | Bibliography: p. 195-198. |
| 651 #0 - المدخل الاضافى بالموضوع - اسم جغرافى | |
| الاسم الجغرافي | Great Britain |
| التقسيم الفرعي العام | Social conditions |
| التقسيم الفرعي الزمني | 20th century. |
| 9 (RLIN) | 9077 |
| 651 #0 - المدخل الاضافى بالموضوع - اسم جغرافى | |
| الاسم الجغرافي | Great Britain |
| التقسيم الفرعي العام | Social conditions |
| التقسيم الفرعي الزمني | 19th century. |
| 9 (RLIN) | 6852 |
| 906 ## - عنصر بيانات محلى F, LDF (RLIN) | |
| a | 7 |
| b | cbc |
| c | orignew |
| d | 3 |
| e | ncip |
| f | 19 |
| g | y-gencatlg |
| 942 ## - عناصر المدخل الإضافي( كوها) | |
| مصدر التصنيف او مخطط الترفيف | Dewey Decimal Classification |
| Koha [default] item type | كتاب |
| حالة الفقد | نموذج السعر الفعال | حالة تلف | ليس للاعارة | تاريخ الاكتساب | الموقع الحالي | الفرع الرئيسي | Date last seen | Total Checkouts |
|---|---|---|---|---|---|---|---|---|
| 2013-03-10 | 2011-05-17 | مكتبة كلية التربية بالزلفى - طالبات (EZF) | مكتبة كلية التربية بالزلفى - طالبات (EZF) | 2013-03-10 |
